000 01142cam a22003493a 4500
001 13946
003 PGUSA
005 20140828083311.0
008 041104s2004||||xxu|||||s|||||000 1 eng d
040 _aPGUSA
_beng
042 _adc
050 4 _aPZ
100 1 _aHornibrook, Isabel,
_d1859-1952
245 1 0 _aCamp and Trail :
_bA Story of the Maine Woods
_h[electronic resource] /
_cIsabel Hornibrook
260 _bProject Gutenberg,
_c2004
506 _aPublic domain in the USA.
516 _aElectronic text
653 _aYouth -- Conduct of life -- Juvenile fiction
653 _aAnimals -- Juvenile fiction
653 _aOutdoor life -- Juvenile fiction
653 _aMaine -- Juvenile fiction
653 _aNatural history -- Juvenile fiction
653 _aTrails -- Juvenile fiction
653 _aVoyages and travels -- Juvenile fiction
653 _aConduct of life -- Juvenile fiction
653 _aCamping -- Juvenile fiction
653 _aHunting -- Juvenile fiction
653 _aAdventure stories
830 0 _aProject Gutenberg
_v13946
856 4 0 _uhttp://www.gutenberg.org/ebooks/13946
942 _cEB
999 _c243201
_d243201